| 000 | 00363nam a2200145Ia 4500 | ||
|---|---|---|---|
| 005 | 20251222153632.0 | ||
| 008 | 251222s9999||||xx |||||||||||||| ||spa|| | ||
| 020 | _a9786124038624 | ||
| 082 | _a348.6/C24 | ||
| 100 | _aCampos Torres, Sara Rosa | ||
| 245 | 0 | _aNuevo Regimen Laboral Empresarial | |
| 250 | _a1 era. ed. | ||
| 264 | _bEl Buho E.I.R.L | ||
| 942 | _cLIB | ||
| 999 |
_c32396 _d32396 |
||